000 00631nam a22002051 4500
003 OSt
005 20150319112131.0
008 920725s1976 ag spa
040 _cBMC
082 _a983.3551
100 1 _aLópez Urrutia, Carlos
_931841
245 1 0 _aBreve historia naval de Chile
_cCarlos López Urrutia ; prólogo de Sergio Aguirre Mac-Kay
250 _a1ª ed
260 _aBuenos Aires
_bFrancisco de Aguirre
_c1976
300 _aXV, 166 p.
_c18 cm
490 0 _aBiblioteca Antártica (Pocket)
_v30
651 2 4 _aChile
_xHistoria naval
_931840
700 1 _931843
_aAguirre Mac-Kay, Sergio
942 _2ddc
_cBK
999 _c18716
_d18716